000
00325nam a2200121Ia 4500
008
250110s9999 xx 000 0 und d
041
_a
eng
100
_a
Someshwar Nirali
_9
182216
245
_a
Dance Academy
260
_b
Final Year B. Arch, BNCA
_c
1999
300
_a
193p
700
_a
Guide Name:Sahastrabuddhe Swati
_9
209886
999
_c
363077
_d
363077